=LDR 00000nam 2200000 4500 =001 INLIS000000000014119 =005 20130612105419 =008 ***********************************Ind** =035 ##$$0010-061300000014119 =041 ##$$a Ind =082 ##$$a 091 =090 ##$$a 091, Chr w =100 ##$$a Christomy, T =245 ##$$a Wawasan sama'un, Edisi teks dan analisis struktur, T.Christomy =260 ##$$a 2003 $b Jakarta =300 ##$$a viii, 404 hlm, 21 cm =650 ##$$a Manuskrip Arab =850 ##$$a NBPNMAT